Największe Obiekty w Układzie Słonecznym - Statystyki

Ogólne statystyki
  • Ten quiz został rozwiązany 41 razy
  • Średni wynik to 20 z 35
Statystyki odpowiedzi
Powierzchnia Odpowiedź % Poprawnych
Planeta 3 389.5 km Mars
97%
Planeta 24 622 km Neptun
97%
Gwiazda 696 342 km Słońce
97%
Planeta 69 911 km Jowisz
94%
Planeta 2 439.4 km Merkury
94%
Planeta 58 232 km Saturn
94%
Planeta 6 052 km Wenus
94%
Planeta 6 371 km Ziemia
94%
Planeta Karłowata 1 188.3 km Pluton
91%
Planeta 25 362 km Uran
91%
Księżyc 1 737.5 km Księżyc
82%
Księżyc 2 634.1 km Ganimedes
79%
Księżyc 2 574.73 km Tytan
79%
Księżyc 1 560.8 km Europa
76%
Księżyc 1 821.6 km Io
76%
Planeta Karłowata 469.7 km Ceres
70%
Księżyc 2 410.3 km Kallisto
67%
Planeta Karłowata 1 163 km Eris
64%
Księżyc 606 km Charon
58%
Planeta Karłowata 715 km Makemake
55%
Księżyc 1 353.4 km Tryton
52%
Planeta Karłowata 798 km Haumea
45%
Księżyc 788.9 km Tytania
45%
Księżyc 578.9 km Ariel
36%
Księżyc 735.6 km Japet
21%
Księżyc 761.4 km Oberon
21%
Księżyc 763.8 km Rea
21%
Księżyc 584.7 km Umbriel
21%
Księżyc 561.7 km Dione
18%
Planeta Karłowata 498 km Sedna
18%
Planeta Karłowata 423 km Salacia
12%
Księżyc 533 km Tetyda
12%
Planeta Karłowata 615 km Gonggong
9%
Planeta Karłowata 543 km Quaoar
9%
Planeta Karłowata 455 km Orkus
6%
Nie znaleziono quizów pasujących do podanych kryteriów
Rozkład punktacji
Procent ludzi z każdym wynikiem
Percentyl według liczby udzielonych odpowiedzi
Twoja historia wyników
Nie rozwiązałeś tego quizu